Beabadoobee - Glue Song - Statistics

General Stats
  • This quiz has been taken 232 times
    44 since last reset
  • The average score is 96 of 116
Answer Stats
Answer % Correct
glue
96%
glue,
96%
I
96%
stuck
96%
you
96%
you,
96%
you"
96%
by
92%
I've
92%
"I've
92%
so
92%
the
92%
to
92%
been
88%
for
88%
me
88%
never
88%
Never
88%
have
84%
in
84%
love,
84%
love
84%
Tangled
84%
and
80%
known
80%
like
80%
someone
80%
But
76%
kiss
76%
onto
76%
you'll
76%
you're
76%
Don't
72%
find
72%
from
72%
here,
72%
i'm
72%
I'm
72%
miss
72%
or
72%
won't
72%
else
68%
forget
68%
guess
68%
long
68%
right
68%
Right
68%
say
68%
take
68%
forever
64%
I'd
64%
it
64%
mind
64%
song
64%
this
64%
use
64%
words
64%
oh,
60%
thought
60%
when
60%
Finding
56%
not
56%
wrong
16%
No matching quizzes found
Score Distribution
Percent of People with Each Score
Percentile by Number Answered
Your Score History
You have not taken this quiz since the last reset